Think legal forms

Bibliographic Details
Format: Unknown
Language:English
Published: [India] : Think Legal
Subjects:
Online Access:Acceso restringido

MARC

LEADER 00000ny a22000003n 4500
005 20110627103937.0
008 071017c ii mr pss 0 a0eng d
035 |a 4909 
040 |a BUS  |d vLex 
090 |c 1115  |d 1115 
245 3 0 |a Think legal forms  |h [Recurso electrn̤ico] 
256 |a Servicio en ln̕ea 
260 |a [India] :  |b Think Legal 
650 0 4 |a Derecho  |x Publicaciones perid̤icas 
740 0 |a vLex Libros (Servicios en ln̕ea) 
856 4 0 |z Acceso restringido  |u http://vlex.com/source/4909 
942 |c BOOK